[Event "IECC M email"]
[Site "IECC email"]
[Date "1999.08.31"]
[Round "?"]
[White "Browne, Robert"]
[Black "Chandler, Mark"]
[Result "1-0"]
[WhiteElo "1016"]
[BlackElo "984"]
[PlyCount "63"]
[EventDate "1999.??.??"]
[EventType "tourn (corr)"]
[EventRounds "6"]
[SourceTitle "Corr 2008"]
[Source "ChessBase"]
[SourceDate "2008.06.24"]
[SourceVersion "1"]
[SourceVersionDate "2008.06.24"]
[SourceQuality "1"]

1. e4 c5 2. Nc3 Nc6 3. g3 g6 4. Nh3 Bg7 5. Nd5 Nf6 6. Nxf6+ Bxf6 7. c3 0-0 8. Bg2 d6 9. 0-0 e6 10. Nf4 b6 11. Rb1 e5 12. Nd5 Ne7 13. Nxf6+ Kh8 14. Nd5 Nxd5 15. exd5 Bb7 16. c4 Re8 17. b3 b5 18. d3 a5 19. Re1 f5 20. Bb2 Kg8 21. Qd2 a4 22. Qh6 axb3 23. axb3 bxc4 24. dxc4 Ra2 25. Rxe5 dxe5 26. Qe3 Qd6 27. f4 e4 28. Qc3 Re7 29. Qh8+ Kf7 30. Qxh7+ Ke8 31. Qh8+ Kf7 32. Be5 1-0